Microeconomía (Registro nro. 3173)
[ vista simple ]
| 000 -LEADER | |
|---|---|
| fixed length control field | 01470 a2200217 4500 |
| 001 - CONTROL NUMBER | |
| control field | 39967 |
| 005 - DATE AND TIME OF LATEST TRANSACTION | |
| control field | 20260407155656.0 |
| 008 - FIXED-LENGTH DATA ELEMENTS--GENERAL INFORMATION | |
| fixed length control field | 260407a1978 arg spa d |
| 003 - CONTROL NUMBER IDENTIFIER | |
| control field | AR-UNSa-BCEJYS |
| 040 ## - CATALOGING SOURCE | |
| Original cataloging agency | AR-UNSa-BCEJYS |
| Language of cataloging | spa |
| Transcribing agency | AR-UNSa-BCEJYS |
| 080 ## - UNIVERSAL DECIMAL CLASSIFICATION NUMBER | |
| Universal Decimal Classification number | 330.101.542 |
| Common auxiliary subdivision | Microeconomía |
| 100 1# - MAIN ENTRY--PERSONAL NAME | |
| Personal name | Due, John F. |
| 245 10 - TITLE STATEMENT | |
| Title | Microeconomía |
| 264 #1 - PRODUCTION, PUBLICATION, DISTRIBUTION, MANUFACTURE, AND COPYRIGHT NOTICE | |
| Place of production, publication, distribution, manufacture | Madrid : |
| Name of producer, publisher, distributor, manufacturer | Tecnos |
| Date of production, publication, distribution, manufacture, or copyright notice | 1978 |
| 300 ## - PHYSICAL DESCRIPTION | |
| Extent | 406 p. |
| Dimensions | 23 cm. |
| 505 ## - FORMATTED CONTENTS NOTE | |
| Formatted contents note | 1. Análisis económico: perspectiva preliminares - 2. El sistema económico: los sujetos económicos y los mercados - 3. La oferta y la demanda : Teoría básica - 4. El comportamiento de la economía domestica : La teoría de la demanda del consumidor - 5. El comportamiento de la economía domestica : La asignación de la renta y la administración de activos - 6. El comportamiento de la empresa : La producción y el coste - 7. El comportamiento de la empresa: El output y la inversión - 8. Determinación del precio de competencia - 9. Mercados imperfectamente competitivos: El monopolio - 10. La competencia monopolistica - 11. Mercados imperfectamente competitivos: El oligopolio - 12. La determinación del precio del trabajo - 03. La inversión de capital y el presupuesto de gastos de capital - 14. Mercados de prestamos - 15. Rentas y cuasi rentas - 16. El empresariado y los beneficios. |
| 590 ## - LOCAL NOTE (RLIN) | |
| Local note | niveau_biblio:m niveau_hierar:0 |
| 700 1# - ADDED ENTRY--PERSONAL NAME | |
| Personal name | Clower, Robert W. |
| 700 1# - ADDED ENTRY--PERSONAL NAME | |
| Personal name | Chavarri Navarro, Ruperto |
| 942 ## - ADDED ENTRY ELEMENTS (KOHA) | |
| Koha item type | |
| Withdrawn status | Lost status | Damaged status | Not for loan | Home library | Current library | Shelving location | Date acquired | Total checkouts | Full call number | Barcode | Date last seen | Price effective from | Koha item type |
|---|---|---|---|---|---|---|---|---|---|---|---|---|---|
| Biblioteca Prof. Eusebio Cleto del Rey | Biblioteca Prof. Eusebio Cleto del Rey | 07/04/2026 | 330.101.542 C648 | L44273 | 07/04/2026 | 07/04/2026 | Libro | ||||||
| Biblioteca Prof. Eusebio Cleto del Rey | Biblioteca Prof. Eusebio Cleto del Rey | 07/04/2026 | 330.101.542 C648 | L44274 | 07/04/2026 | 07/04/2026 | Libro |